Высокоэффективная генерация импульсов субнаносекундной длительности в релятивистской ЛОВ миллиметрового диапазона длин волн; Письма в Журнал технической физики; Т. 28, № 2

Bibliografiska uppgifter
Parent link:Письма в Журнал технической физики
Т. 28, № 2.— 2002.— С. 81-89
Övriga upphovsmän: Коровин С. Д., Месяц Г. А. Геннадий Андреевич, Ростов В. В., Ульмаскулов М. Р., Шарыпов К. А., Шпак В. Г., Шунайлов С. А., Яландин М. И.
Sammanfattning:В фонде НТБ ТПУ отсутствует
Språk:ryska
Publicerad: 2002
Ämnen:
Materialtyp: Bokavsnitt
KOHA link:https://koha.lib.tpu.ru/cgi-bin/koha/opac-detail.pl?biblionumber=596751

MARC

LEADER 00000naa0a2200000 4500
001 596751
005 20250122142707.0
035 |a (RuTPU)RU\TPU\tpu\19774 
090 |a 596751 
100 |a 20110818d2002 k||y0rusy50 ca 
101 0 |a rus 
102 |a RU 
200 1 |a Высокоэффективная генерация импульсов субнаносекундной длительности в релятивистской ЛОВ миллиметрового диапазона длин волн  |f С. Д. Коровин [и др.] 
333 |a В фонде НТБ ТПУ отсутствует 
461 |t Письма в Журнал технической физики 
463 |t Т. 28, № 2  |v С. 81-89  |d 2002 
610 1 |a труды учёных ТПУ 
701 1 |a Коровин  |b С. Д. 
701 1 |a Месяц  |b Г. А.  |c российский физик  |c академик, вице-президент РАН  |c выпускник Томского политехнического института  |f 1936-  |g Геннадий Андреевич  |3 (RuTPU)RU\TPU\pers\17099  |4 070 
701 1 |a Ростов  |b В. В. 
701 1 |a Ульмаскулов  |b М. Р. 
701 1 |a Шарыпов  |b К. А. 
701 1 |a Шпак  |b В. Г. 
701 1 |a Шунайлов  |b С. А. 
701 1 |a Яландин  |b М. И. 
801 1 |a RU  |b 63413507  |c 20110818 
942 |c CR